Diversity Amid Globalization (Record no. 320913)

000 -LEADER
fixed length control field 00428 a2200157 4500
001 - CONTROL NUMBER
control field 85840
003 - CONTROL NUMBER IDENTIFIER
control field NUST
005 - DATE AND TIME OF LATEST TRANSACTION
control field 20180121111349.0
008 - FIXED-LENGTH DATA ELEMENTS--GENERAL INFORMATION
fixed length control field 180121b xxu||||| |||| 00| 0 eng d
020 ## - INTERNATIONAL STANDARD BOOK NUMBER
International Standard Book Number 9780130884237
082 ## - DEWEY DECIMAL CLASSIFICATION NUMBER
Classification number 910 ROW
100 ## - MAIN ENTRY--PERSONAL NAME
Personal name Les Rowntree ; Martin Lewis ; Marie Price ; William Wyckoff
9 (RLIN) 9324
245 ## - TITLE STATEMENT
Title Diversity Amid Globalization
Medium English
250 ## - EDITION STATEMENT
Edition statement 1st
260 ## - PUBLICATION, DISTRIBUTION, ETC.
Place of publication, distribution, etc. USA
Name of publisher, distributor, etc. Prentice Hall
Date of publication, distribution, etc. 2000
300 ## - PHYSICAL DESCRIPTION
Extent xxii 663 p.
500 ## - GENERAL NOTE
General note Gifted By AM Masood Akhtar
942 ## - ADDED ENTRY ELEMENTS (KOHA)
Institution code [OBSOLETE] caenust
Koha item type Book
Call number prefix 910 ROW
Source of classification or shelving scheme
Holdings
Withdrawn status Lost status Damaged status Not for loan Collection code Permanent Location Current Location Date acquired Total Checkouts Full call number Barcode Date last seen Price effective from Koha item type
          College of Aeronautical Engineering (CAE) College of Aeronautical Engineering (CAE) 04/03/2017   910 ROW CAEG-9756 04/05/2017 04/05/2017 Book
© 2023 Central Library, National University of Sciences and Technology. All Rights Reserved.